header

An innovation approach to random fields (Record no. 68426)

MARC details
000 -LEADER
fixed length control field 01168nam a2200301Ia 4500
082 04 - DEWEY DECIMAL CLASSIFICATION NUMBER
Classification number 519.23
100 1# - MAIN ENTRY--AUTHOR NAME
Personal name Takeyuki, Hida.
245 13 - TITLE STATEMENT
Title An innovation approach to random fields
260 ## - PUBLICATION, DISTRIBUTION, ETC. (IMPRINT)
Place of publication Singapore ;
-- London :
Name of publisher World Scientific,
Year of publication c2004.
300 ## - PHYSICAL DESCRIPTION
Number of Pages xiii, 189 p.
650 #0 - SUBJECT ADDED ENTRY--TOPICAL TERM
Topical Term Stochastic analysis.
Topical Term Random fields.
700 1# - ADDED ENTRY--PERSONAL NAME
Personal name Si, Si.
856 40 - ELECTRONIC LOCATION AND ACCESS
Uniform Resource Identifier http://site.ebrary.com/lib/rucke/Doc?id=10088382

No items available.

© 2026 Rongo University
Contact us: librarian | system librarian | Rongo university